Where Is That 'A' City? (USA) Quiz Stats

 Plays Quiz Updated Nov 22, 2017

Challenge
Share
Tweet
Embed
Score 0/10 Timer 01:30
0 Plays Today
Question Answer Wrong Answers
Atlanta Georgia
97.6%
Florida
0.8%
South Carolina
0.4%
Arkansas
0.2%
Albuquerque New Mexico
95.2%
Arizona
1.9%
Texas
1.3%
California
0.5%
Amarillo Texas
94.4%
Colorado
2.7%
Washington
1%
New York
0.7%
Atlantic City New Jersey
92.6%
New York
2.8%
Massachusetts
1.3%
Delaware
2.2%
Anaheim California
90.5%
Pennsylvania
4.1%
Washington
2%
Texas
2.1%
Annapolis Maryland
89%
Alabama
2%
Virginia
4.1%
Massachusetts
3.7%
Ann Arbor Michigan
84.5%
Massachusetts
4.9%
New Jersey
2.4%
Maine
7%
Alexandria Virginia
83.4%
Connecticut
5.3%
Rhode Island
5.5%
Massachusetts
4.5%
Adak Alaska
80%
Washington
8.9%
New York
5.2%
Massachusetts
4.5%
Arvada Colorado
43.3%
Arkansas
23.1%
Texas
19%
California
13.1%

You're not logged in!

Compare scores with friends on all Sporcle quizzes.
Join for Free
OR
Log In

You Might Also Like...

Show Comments

Extras

Top Quizzes Today


Score Distribution

Your Account Isn't Verified!

In order to create a playlist on Sporcle, you need to verify the email address you used during registration. Go to your Sporcle Settings to finish the process.

Report this User

Report this user for behavior that violates our Community Guidelines.

Details: